শুদ্ধতম কবি /
Critical articles chiefly on the works of Jasīmauddīna, 1904-1976, Bengali poet.
| Autor principal: | |
|---|---|
| Formato: | Libro |
| Lenguaje: | Bengali English |
| Publicado: |
ঢাকা :
পাঠক সমাবেশ,
২০১১.
|
| Materias: | |
| Classic Catalogue: | View this record in Classic Catalogue |
| LEADER | 01618nam a2200361 i 4500 | ||
|---|---|---|---|
| 001 | 38461 | ||
| 003 | BD-DhAAL | ||
| 005 | 20220426115006.0 | ||
| 008 | 220426t2011 bg b 000 0 ben d | ||
| 999 | |c 44143 |d 44143 | ||
| 010 | |a 2011323197 | ||
| 020 | |a 9789848866092 (jacket) | ||
| 020 | |a 9789848866221 | ||
| 025 | |a B-B-2011-323197; 12 | ||
| 037 | |b Library of Congress -- New Delhi Overseas Office | ||
| 040 | |a DLC |b eng |e rda |c DLC |d DLC |d BD-DhAAL | ||
| 041 | 0 | |a ben |a eng | |
| 042 | |a lcode |a pcc | ||
| 050 | 0 | 0 | |a PK1718.J3 |b Z87 2011 |
| 082 | |a 891.4416 | ||
| 100 | 1 | |a সৈয়দ, আবদুল মান্নান, |d ১৯৪৩-২০১০. |9 48266 | |
| 245 | 1 | 0 | |a শুদ্ধতম কবি / |c আবদুল মান্নান সৈয়দ |
| 246 | 3 | 1 | |a Shuddhatama kobi |
| 264 | 1 | |a ঢাকা : |b পাঠক সমাবেশ, |c ২০১১. | |
| 300 | |a ৪১৫ পৃষ্ঠা ; |c ২২ সে.মি. | ||
| 504 | |a গ্রন্থপঞ্জিগত নির্দেশিকা অন্তর্ভুক্ত। | ||
| 520 | |a Critical articles chiefly on the works of Jasīmauddīna, 1904-1976, Bengali poet. | ||
| 541 | |a Donated By Akbar Ali Khan |e 38461 | ||
| 546 | |a In Bengali; includes passages in English. | ||
| 600 | 0 | 0 | |a Das, Jibanananda, |d 1899-1954 |x Criticism and interpretation. |9 48267 |
| 852 | |a Ayesha Abed Library |c Akbar Ali Khan Collection | ||
| 942 | |2 ddc |c BK | ||
| 952 | |0 0 |1 0 |2 ddc |4 0 |6 891_441600000000000_SYE |7 1 |9 70564 |a BRACUL |b BRACUL |c AAKC |d 2022-04-26 |e Donated by Akbar Ali Khan |l 0 |o 891.4416 SYE |p 3010038461 |r 2022-04-26 |t 1 |w 2022-04-26 |y BK | ||